Prix Nobel de physique - Mort subite - Statistiques

Statistiques générales
  • Ce quiz a été pris 364 fois
  • Le résultat moyen est 3 sur 14
Answers on the Grid
Answers color-coded by a green-red scale on the quiz's grid according to % correct below.
Henri Becquerel
Marie Curie
Pierre Curie
Albert Einstein
Niels Bohr
Erwin Schrödinger
Enrico Fermi
Guglielmo Marconi
Max Planck
Gustav Hertz
Wilhelm Röntgen
Irène Joliot-Curie
Ernest Rutherford
Robert Oppenheimer
Stephen Hawking
Alfred Nobel
Tryphon Tournesol
Auguste Piccard
Michael Faraday
Lord Kelvin
Joseph John Thomson
Paul Dirac
Werner Heisenberg
Isaac Newton
 
Statistiques - réponses
Réponse % Correct
Marie Curie
54%
Pierre Curie
43%
Albert Einstein
42%
Erwin Schrödinger
27%
Niels Bohr
27%
Max Planck
25%
Henri Becquerel
20%
Enrico Fermi
19%
Paul Dirac
16%
Werner Heisenberg
16%
Joseph John Thomson
9%
Gustav Hertz
7%
Wilhelm Röntgen
7%
Guglielmo Marconi
6%
Aucun quiz correspondant
Distribution des résultats
% des personnes avec chaque résultat
Percentile par nombre de réponses
Votre historique - résultats
Vous n’avez pas pris ce quiz